El a priori histórico: la historia y sus hechos
Wedi'i Gadw mewn:
| Prif Awdur: | |
|---|---|
| Fformat: | Llyfr |
| Iaith: | Sbaeneg |
| Cyhoeddwyd: |
Valencia
Ceferino Sampedro
1990
|
| Pynciau: | |
| Tagiau: |
Ychwanegu Tag
Dim Tagiau, Byddwch y cyntaf i dagio'r cofnod hwn!
|
MARC
| LEADER | 00000nam a2200000 a 4500 | ||
|---|---|---|---|
| 001 | UCP7825 | ||
| 003 | CL-VaPUC | ||
| 008 | 000106e19900000SP |||||||||||||||||spa|d | ||
| 082 | 0 | 4 | |a 930.146 |b SAM |2 21 |
| 100 | 0 | |a Sampedro, Ceferino |e author |9 437426 | |
| 245 | 1 | 3 | |a El a priori histórico: la historia y sus hechos |
| 300 | |a 152 p | ||
| 942 | |c BK | ||
| 945 | |d 20000106 00:00:00 |a rherrera | ||
| 260 | |a Valencia |b Ceferino Sampedro |c 1990 | ||
| 650 | 0 | |a Filosofía de la historia |9 265651 | |
| 650 | 0 | |a Hechos históricos |9 437427 | |
| 583 | |a last modification |c 20000106 00:00:00 |k Rodrigo Vera | ||
| 999 | |c 284867 |d 284865 | ||
| 952 | |0 0 |1 0 |4 0 |6 930_146000000000000_SAM_1990 |7 0 |8 A |9 329164 |a BIBHIS |b BIBHIS |d 2019-11-20 |i 1379631 |o 930.146 SAM 1990 |p 1379631 |r 2025-01-20 |w 2019-11-20 |y BK |k HIS | ||